六法 in 15 Seconds - Statistics

General Stats
  • This quiz has been taken 182 times
  • The average score is 4 of 6
Answer Stats
Answer % Correct
民法
94%
刑法
91%
憲法
56%
刑事訴訟法
48%
商法
42%
民事訴訟法
35%
No matching quizzes found
Score Distribution
Percent of People with Each Score
Percentile by Number Answered
Your Score History
You have not taken this quiz